عرض عادي
عرض مارك
- Physical diagnosis
مدخل مصطلح موضوعي
001 - رقم الضبط
- حقل الضبط: 13629
003 - معرف رقم الضبط
- حقل الضبط: OSt
005 - تاريخ ووقت أخر عملية
- حقل الضبط: 20120510174342.0
008 - عناصر بيانات ثابتة الطول
- حقل تحكم ثابت الطول: 120510|||a|||||| | ||| d
040 ## - مصدر الفهرسة
- هيئة الفهرسة الأصلية: OSt
- وكالة الكتابة: OSt
150 ## - مدخل-- مصطلح تاريخي
- عنصر مدخل المصطلح الموضوعي او الاسم الجغرافي: Physical diagnosis
- تفريع شكلي: Outlines, syllabi, etc.
670 ## - بيانات المصدر موجوده
- الاستشهاد بالمصدر: Work cat.: (OSt)0: D'Amico, Donita., Health & physical assessment in nursing /, c2012.
